| 000 | 00890nam a2200253Ia 4500 | ||
|---|---|---|---|
| 003 | OSt | ||
| 005 | 20220927104105.0 | ||
| 006 | a|||||r|||| 00| 0 | ||
| 007 | ta | ||
| 008 | 220926b |||||||| |||| 00| 0 eng d | ||
| 024 | _a84566 | ||
| 037 | _cReference Collections | ||
| 040 |
_aRTL _cRTL _beng |
||
| 041 |
_2eng _aeng |
||
| 082 | _a"X9(D855).5.N8, M4.1-2/UN" | ||
| 110 | _aUnited Nations Economic Commission for Europe | ||
| 245 | 0 | _aEngineering equipment and automation means for waste water management in ELE countries | |
| 260 |
_aNew _bYork United Nations USA _c1984 |
||
| 490 |
_v1 Pt _aECE Working party on engineering industries and automaiton |
||
| 650 |
_aElectrical _9363375 |
||
| 700 | _aUnited Nations Economic Commission for Europe | ||
| 942 |
_h"X9(D855).5.N8, M4.1-2/UN" _cCC |
||
| 999 |
_c685691 _d685691 |
||